00565nam a2200193Ia 450000500170000000800410001704000190005804100120007708200160008924500730010526000320017830000120021044000390022250400190026165000180028065100340029870000290033285000100036120230102100638.0131103s9999 xx 000 0 und d aLoreto College aEnglish a822.09bBRO aRestoration theatrec[edited by] John Russell Brown & Bernard Harris aLondonbEdward Arnoldc1965 a239 p.  aStandford upon avon studies; no. 6 aIncludes index aEnglish Drama a1625-1702 - Drama - Criticism aBrown, John Russell, ed. aLCLIB